• 首页
  • 本馆介绍
  • 公告通知
  • 最新文献
  • 馆藏检索
  • 电子资源
  • 读者导购
  • 参考咨询
  • 我的图书馆
  • 登录
  • 详细信息显示
  • 放入我的书架
  • 预约/预借图书
  • 作者相关作品
  • 分类相关作品
  • 丛书相关作品
  • 出版社相关作品

书目信息

  • 表格格式
  • 工作单格式
  • 卡片格式
题名:
秦皇岛旅游
    
 
作者: ;秦皇岛市旅游局 编
分册:  
出版信息: 北京   中国人民大学出版社  1990.05
页数: 238页
开本: 20cm
丛书名:
单 册:
中图分类: F59
科图分类:
主题词: 旅游经济
电子资源:
ISBN: 7-300-00732-5
000 00573nam0 2200193 450
001 0636266281
005 20061030100726.31
010    @a7-300-00732-5@dCNY5.00
100    @a20061030d1990 km y0chiy0120 ea
101 0  @achi
102    @aCN@b110000
200 1  @a秦皇岛旅游@Aqin huang dao lu you@f秦皇岛市旅游局编@Fqin huang dao shi lu you ju bian
210    @a北京@c中国人民大学出版社@d1990.05
215    @a238页@d20cm
606 0  @a旅游经济
690    @aF59@v3
711  0 @a秦皇岛市旅游局@Aqin huang dao shi lu you ju@4编
801  0 @aCN@bPFT@c20061030
905    @a10447@dF59@e3
    
    秦皇岛旅游/秦皇岛市旅游局编.-北京:中国人民大学出版社,1990.05
    238页;20cm
    
    
    ISBN 7-300-00732-5:CNY5.00
    
●
相关链接 在E读中查询图书 在五车中查询图书 在当当中查询图书 在豆瓣中查询图书


正题名:秦皇岛旅游     索取号:F59/3         预约/预借

序号 登录号 条形码 馆藏地/架位号 状态 备注
1 0249876   000487404   第一样本阅览室/ [索取号:F59/3] 在馆    
唐山师范学院图书馆 欢迎您!
大连网信软件有限公司© 版权所有